01008nam a2200277 a 4500001001000000005001700010008004100027041000800068044000700076050002400083100003000107245013900137250000700276260004000283300002400323500000900347650005400356650004200410650006400452700003300516700003100549902000800580942001100588999001500599952011600614BRCA_800620190320210107.0180314t1967----gw-a###f##---#001-0#ger-# ager agw 4aNK4215b.G715c19671 aGraesse, J. G. Th.91968010aFührer fur sammler porzellan und fayencebsteinzeug, steingut, uswcJ. G. Th Graesse und E. Jaennicke ; bearbeitet von Arthur Behse. a21 aBerlinbKlinkhardt & Biermannc1967 a736 p.bil.c24 cm. a313314aCerámica y porcelanavManuales y guías91987914aCerámica y porcelanavMarcas91988014aCerámica y porcelanavColecciones y coleccionistas9198811 aJaennicke, E.ecoaut.9198821 aBehse, Arthurerev.919883 aGFM 2lcccB c7675d7675 00104070aBRCAbBRCAd2014-03-18i3133l0oNK4215 .G715 1967 (3133)p8617r2019-03-22 00:00:00w2019-03-22yB